| 000 | 00649nam a2200217 a 4500 | ||
|---|---|---|---|
| 005 | 20221008064256.0 | ||
| 008 | 081126s1981 es r 000 0 spa d | ||
| 020 | _a8426117163 | ||
| 035 | _aUPN01000168217 | ||
| 049 | _aCG | ||
| 050 | 4 |
_aND813 G6 _bC3.8 1981 |
|
| 100 | 1 | _aCastán Palomar, Fernando | |
| 245 | 1 | 0 |
_aVida de Don Francisco Goya y Lucientes / _cFernando Castán Palomar. |
| 250 | _a2a ed. | ||
| 260 |
_aBarcelona, Esp. : _bJuventud, _c1981. |
||
| 300 |
_a224 p. : _bil. |
||
| 440 | 0 | _aGrandes biografías | |
| 600 | 1 | 4 |
_aGOYA, FRANCISCO, _d1746-1828 _910994 |
| 650 | 7 |
_aPintores españoles _vBiografía _2 _97738 |
|
| 905 | _aLibro | ||
| 999 |
_c140324 _d140324 |
||